Democracy in developing countries / (Record no. 6022)
[ view plain ]
| 000 -LEADER | |
|---|---|
| fixed length control field | 00958cam a2200253 a 4500 |
| 005 - DATE AND TIME OF LATEST TRANSACTION | |
| control field | 20260206142647.0 |
| 008 - FIXED-LENGTH DATA ELEMENTS--GENERAL INFORMATION | |
| fixed length control field | 870820m19009999coub b 001 0 eng |
| 020 ## - INTERNATIONAL STANDARD BOOK NUMBER | |
| International Standard Book Number | 1555870449 |
| 020 ## - INTERNATIONAL STANDARD BOOK NUMBER | |
| International Standard Book Number | 0744900115 |
| 040 ## - CATALOGING SOURCE | |
| Original cataloging agency | KABLIB |
| Transcribing agency | KABLIB |
| Description conventions | rda |
| 082 00 - DEWEY DECIMAL CLASSIFICATION NUMBER | |
| Classification number | 321.8 |
| Edition number | 23 |
| Item number | DEM |
| 245 00 - TITLE STATEMENT | |
| Title | Democracy in developing countries / |
| Statement of responsibility, etc. | edited by Larry Diamond, Juan J. Linz, Seymour Martin Lipset. |
| 260 ## - PUBLICATION, DISTRIBUTION, ETC. | |
| Place of publication, distribution, etc. | Boulder, Colo. : |
| Name of publisher, distributor, etc. | L. Rienner ; |
| Place of publication, distribution, etc. | London : |
| Name of publisher, distributor, etc. | Adamantine Press, |
| Date of publication, distribution, etc. | <1988-1989 > |
| 300 ## - PHYSICAL DESCRIPTION | |
| Extent | xxvii. 515 p, : |
| Dimensions | 23 cm. |
| 504 ## - BIBLIOGRAPHY, ETC. NOTE | |
| Bibliography, etc. note | Includes bibliographies and indexes. |
| 650 #0 - SUBJECT ADDED ENTRY--TOPICAL TERM | |
| Topical term or geographic name entry element | Democracy. |
| 651 #0 - SUBJECT ADDED ENTRY--GEOGRAPHIC NAME | |
| Geographic name | Developing countries |
| General subdivision | Politics and government. |
| 9 (RLIN) | 15165 |
| 700 1# - ADDED ENTRY--PERSONAL NAME | |
| Personal name | Diamond, Larry Jay. |
| 9 (RLIN) | 15184 |
| 700 1# - ADDED ENTRY--PERSONAL NAME | |
| Personal name | Linz, Juan J. |
| Fuller form of name | (Juan José), |
| Dates associated with a name | 1926- |
| 9 (RLIN) | 15216 |
| 700 1# - ADDED ENTRY--PERSONAL NAME | |
| Personal name | Lipset, Seymour Martin. |
| 9 (RLIN) | 15205 |
| 906 ## - LOCAL DATA ELEMENT F, LDF (RLIN) | |
| a | 7 |
| b | cbc |
| c | orignew |
| d | 1 |
| e | ocip |
| f | 19 |
| g | y-gencatlg |
| 942 ## - ADDED ENTRY ELEMENTS (KOHA) | |
| Source of classification or shelving scheme | Dewey Decimal Classification |
| Koha item type | Book |
| Withdrawn status | Lost status | Source of classification or shelving scheme | Damaged status | Not for loan | Home library | Current library | Shelving location | Date acquired | Source of acquisition | Total Checkouts | Full call number | Barcode | Date last seen | Price effective from | Koha item type |
|---|---|---|---|---|---|---|---|---|---|---|---|---|---|---|---|
| Dewey Decimal Classification | Mukombe Library | Mukombe Library | Open Access Section | 05.02.2026 | Donation | 321.8 DEM | 14530 | 05.02.2026 | 05.02.2026 | Book |